Gandhi, Lohia and Deendayal (Record no. 351598)

000 -LEADER
fixed length control field 00530cam a22001457a 4500
008 - FIXED-LENGTH DATA ELEMENTS--GENERAL INFORMATION
fixed length control field 180718b1978 xxu||||| |||| 00| 0 eng d
082 ## - DEWEY DECIMAL CLASSIFICATION NUMBER
Classification number A99 G151 P212
245 ## - TITLE STATEMENT
Title Gandhi, Lohia and Deendayal
Statement of responsibility, etc. edited by P. Parameswaran
260 ## - PUBLICATION, DISTRIBUTION, ETC.
Place of publication, distribution, etc. Delhi
Name of publisher, distributor, etc. Deendayal Research Institute
Date of publication, distribution, etc. 1978
300 ## - PHYSICAL DESCRIPTION
Extent 165p.
650 ## - SUBJECT ADDED ENTRY--TOPICAL TERM
Topical term or geographic name entry element Upadhyay, Deendayal - Criticism and interpretation
650 ## - SUBJECT ADDED ENTRY--TOPICAL TERM
Topical term or geographic name entry element Lohia, Ram Manohar - Criticism and interpretation
650 ## - SUBJECT ADDED ENTRY--TOPICAL TERM
Topical term or geographic name entry element Gandhi, Mohandas Karmchand - Criticism and interpretation
700 ## - ADDED ENTRY--PERSONAL NAME
Personal name Parameswaran, P.
Holdings
Withdrawn status Lost status Damaged status Not for loan Permanent Location Current Location Date acquired Full call number Barcode Date last seen Price effective from Koha item type
        Indian Institute of Public Administration Indian Institute of Public Administration 1993-11-16 A99 G151 P212 54007 2018-07-21 2018-07-21 Book

Powered by Koha